[Event "Portugal Open Semirrapidas"]
[Site "Lisboa POR"]
[Date "2020.02.02"]
[Round "8.1"]
[White "ALEKSEEV, Evgeny"]
[Black "GRIGORYAN, Karen H."]
[Result "1/2-1/2"]
[BlackElo "2667"]
[WhiteElo "2621"]
[LiveChessVersion "1.4.8"]

1. e4 c5 2. Nf3 e6 3. d4 cxd4 4. Nxd4 Nc6 5. Nc3 Qc7 6. Be2 a6 7. O-O Nf6 8. Be3
Bb4 9. Na4 Be7 10. Nxc6 bxc6 11. Nb6 Rb8 12. Nxc8 Qxc8 13. Bd4 c5 14. Be5 Rb6 15.
Bf3 O-O 16. a4 d6 17. a5 Rb8 18. Bc3 Rd8 19. Re1 Nd7 20. Be2 Ne5 21. Bf1 1/2-1/2

[Event "Portugal Open Semirrapidas"]
[Site "Lisboa POR"]
[Date "2020.02.02"]
[Round "8.2"]
[White "GHAMARIAN, Tigran"]
[Black "STACHOWIAK, Kamil"]
[Result "1/2-1/2"]
[BlackElo "2500"]
[WhiteElo "2597"]
[LiveChessVersion "1.4.8"]

1. e4 {[%clk 0:15:08]} c5 {[%clk 0:15:09]} 2. Nf3 {[%clk 0:15:11]} e6
{[%clk 0:15:12]} 3. g3 {[%clk 0:15:14]} Nc6 {[%clk 0:15:13]} 4. Bg2
{[%clk 0:15:17]} d6 {[%clk 0:15:07]} 5. O-O {[%clk 0:15:18]} Nf6 {[%clk 0:14:47]}
6. Qe2 {[%clk 0:15:21]} g6 {[%clk 0:13:59]} 7. Rd1 {[%clk 0:14:11]} Bg7
{[%clk 0:13:53]} 8. d4 {[%clk 0:14:14]} cxd4 {[%clk 0:13:53]} 9. Nxd4
{[%clk 0:14:17]} Nxd4 {[%clk 0:13:26]} 10. Rxd4 {[%clk 0:14:21]} O-O
{[%clk 0:13:28]} 11. Rd1 {[%clk 0:14:19]} Qc7 {[%clk 0:13:16]} 12. Nc3
{[%clk 0:14:10]} a6 {[%clk 0:13:20]} 13. Bf4 {[%clk 0:14:08]} e5 {[%clk 0:13:16]}
14. Bg5 {[%clk 0:14:11]} Bg4 {[%clk 0:13:18]} 15. Bf3 {[%clk 0:14:14]} Be6
{[%clk 0:13:15]} 16. Bxf6 {[%clk 0:14:17]} Bxf6 {[%clk 0:13:18]} 17. Nd5
{[%clk 0:14:21]} Bxd5 {[%clk 0:13:06]} 18. Rxd5 {[%clk 0:14:25]} Be7
{[%clk 0:12:41]} 19. Rad1 {[%clk 0:14:23]} Qb6 {[%clk 0:11:57]} 20. c3
{[%clk 0:14:17]} Rac8 {[%clk 0:11:52]} 21. Bg4 {[%clk 0:12:04]} Rc5
{[%clk 0:10:46]} 22. Qc2 {[%clk 0:10:04]} Rxd5 {[%clk 0:09:34]} 23. Rxd5
{[%clk 0:10:08]} Kg7 {[%clk 0:09:37]} 24. Kg2 {[%clk 0:10:04]} h5
{[%clk 0:09:33]} 25. Be2 {[%clk 0:09:47]} h4 {[%clk 0:09:07]} 26. Bg4
{[%clk 0:09:06]} Rh8 {[%clk 0:08:58]} 27. Qe2 {[%clk 0:08:15]} Bg5
{[%clk 0:08:37]} 28. Rd1 {[%clk 0:07:40]} Qc6 {[%clk 0:08:25]} 29. Rd5
{[%clk 0:07:01]} Qb6 {[%clk 0:08:28]} 30. Rd1 {[%clk 0:07:05]} Qc6
{[%clk 0:08:32]} 1/2-1/2

[Event "Portugal Open Semirrapidas"]
[Site "Lisboa POR"]
[Date "2020.02.02"]
[Round "8.3"]
[White "MARTIN DUQUE, Jesus"]
[Black "MOTYLEV, Alexander"]
[Result "0-1"]
[BlackElo "2711"]
[WhiteElo "2384"]
[LiveChessVersion "1.4.8"]

1. e4 {[%clk 0:15:08]} c5 {[%clk 0:15:04]} 2. Nf3 {[%clk 0:15:12]} d6
{[%clk 0:15:00]} 3. Bb5+ {[%clk 0:15:11]} Nd7 {[%clk 0:15:03]} 4. Ba4
{[%clk 0:15:10]} a6 {[%clk 0:15:00]} 5. c4 {[%clk 0:15:13]} Ngf6 {[%clk 0:14:45]}
6. Nc3 {[%clk 0:15:17]} g6 {[%clk 0:14:49]} 7. O-O {[%clk 0:15:12]} Bg7
{[%clk 0:14:53]} 8. a3 {[%clk 0:15:06]} O-O {[%clk 0:14:52]} 9. b4
{[%clk 0:14:39]} b5 {[%clk 0:13:45]} 10. Bc2 {[%clk 0:13:48]} bxc4
{[%clk 0:13:37]} 11. Qe2 {[%clk 0:13:42]} cxb4 {[%clk 0:13:16]} 12. axb4
{[%clk 0:13:45]} Nb6 {[%clk 0:13:20]} 13. Bb2 {[%clk 0:13:02]} Bg4
{[%clk 0:13:00]} 14. h3 {[%clk 0:12:46]} Bxf3 {[%clk 0:13:03]} 15. Qxf3
{[%clk 0:12:50]} Ne8 {[%clk 0:12:48]} 16. Ra5 {[%clk 0:12:39]} Nc7
{[%clk 0:12:40]} 17. Rfa1 {[%clk 0:12:25]} e6 {[%clk 0:12:22]} 18. Qe3
{[%clk 0:10:49]} Rb8 {[%clk 0:12:26]} 19. d4 {[%clk 0:10:17]} cxd3
{[%clk 0:09:04]} 20. Qxd3 {[%clk 0:10:20]} d5 {[%clk 0:08:50]} 21. Bb3
{[%clk 0:10:02]} dxe4 {[%clk 0:08:07]} 22. Qxe4 {[%clk 0:10:05]} Nbd5
{[%clk 0:08:00]} 23. Nxd5 {[%clk 0:07:11]} exd5 {[%clk 0:07:38]} 24. Qc2
{[%clk 0:05:57]} Bxb2 {[%clk 0:07:40]} 25. Qxb2 {[%clk 0:06:00]} Rxb4
{[%clk 0:07:43]} 26. Qc3 {[%clk 0:05:47]} Qd6 {[%clk 0:04:19]} 27. Bxd5
{[%clk 0:04:41]} Nxd5 {[%clk 0:03:03]} 28. Rxd5 {[%clk 0:04:45]} Qxd5
{[%clk 0:02:59]} 29. Qxb4 {[%clk 0:04:48]} Ra8 {[%clk 0:03:03]} 30. Qa5
{[%clk 0:03:52]} Qxa5 {[%clk 0:02:55]} 31. Rxa5 {[%clk 0:03:56]} Kf8
{[%clk 0:02:59]} 32. f4 {[%clk 0:03:42]} Ke7 {[%clk 0:03:02]} 33. Kf2
{[%clk 0:03:16]} Kd6 {[%clk 0:03:06]} 34. f5 {[%clk 0:02:28]} Kc6
{[%clk 0:03:10]} 35. Kf3 {[%clk 0:01:49]} Kb6 {[%clk 0:03:14]} 36. Ra1
{[%clk 0:01:38]} a5 {[%clk 0:03:14]} 37. Kf4 {[%clk 0:01:26]} a4 {[%clk 0:03:15]}
38. Ke5 {[%clk 0:00:58]} Ra5+ {[%clk 0:02:39]} 39. Kd6 {[%clk 0:00:39]} gxf5
{[%clk 0:02:33]} 40. Ke7 {[%clk 0:00:18]} Ra7+ {[%clk 0:02:25]} 41. Kf6
{[%clk 0:00:20]} f4 {[%clk 0:02:25]} 42. Kg7 {[%clk 0:00:22]} f5+
{[%clk 0:02:02]} 43. Kf6 {[%clk 0:00:26]} a3 {[%clk 0:02:05]} 44. Kxf5
{[%clk 0:00:28]} Ra4 {[%clk 0:02:09]} 45. Kg5 {[%clk 0:00:22]} Kb5
{[%clk 0:01:25]} 46. h4 {[%clk 0:00:27]} a2 {[%clk 0:01:23]} 47. h5
{[%clk 0:00:31]} Kc5 {[%clk 0:00:29]} 48. Kh6 {[%clk 0:00:34]} Ra7
{[%clk 0:00:28]} 49. Kg5 {[%clk 0:00:37]} Rg7+ {[%clk 0:00:28]} 50. Kxf4
{[%clk 0:00:23]} Rxg2 {[%clk 0:00:31]} 51. Kf3 {[%clk 0:00:27]} Rh2
{[%clk 0:00:22]} 52. Kg3 {[%clk 0:00:28]} Rc2 {[%clk 0:00:22]} 53. Kg4
{[%clk 0:00:32]} Kb4 {[%clk 0:00:25]} 54. Kg5 {[%clk 0:00:28]} Kb3
{[%clk 0:00:28]} 55. Kh6 {[%clk 0:00:20]} Rc7 {[%clk 0:00:32]} 0-1

[Event "Portugal Open Semirrapidas"]
[Site "Lisboa POR"]
[Date "2020.02.02"]
[Round "8.4"]
[White "FROIS, Antonio"]
[Black "ITURRIZAGA, Eduardo"]
[Result "0-1"]
[BlackElo "2643"]
[WhiteElo "2357"]
[LiveChessVersion "1.4.8"]

1. Nf3 {[%clk 0:15:05]} Nf6 {[%clk 0:15:05]} 2. g3 {[%clk 0:15:08]} b6
{[%clk 0:15:08]} 3. Bg2 {[%clk 0:15:10]} Bb7 {[%clk 0:15:12]} 4. O-O
{[%clk 0:15:13]} g6 {[%clk 0:15:16]} 5. c4 {[%clk 0:15:13]} Bg7 {[%clk 0:15:20]}
6. Nc3 {[%clk 0:15:14]} O-O {[%clk 0:15:21]} 7. d4 {[%clk 0:15:04]} Ne4
{[%clk 0:15:24]} 8. Bd2 {[%clk 0:14:55]} Nxc3 {[%clk 0:15:12]} 9. Bxc3
{[%clk 0:14:58]} Be4 {[%clk 0:15:14]} 10. Rc1 {[%clk 0:14:34]} d5
{[%clk 0:15:09]} 11. Qa4 {[%clk 0:14:25]} c6 {[%clk 0:15:03]} 12. Rfd1
{[%clk 0:14:10]} dxc4 {[%clk 0:14:28]} 13. Qxc4 {[%clk 0:13:42]} b5
{[%clk 0:14:21]} 14. Qb3 {[%clk 0:13:22]} a5 {[%clk 0:14:20]} 15. a4
{[%clk 0:12:49]} b4 {[%clk 0:14:08]} 16. Be1 {[%clk 0:12:52]} Qd5
{[%clk 0:12:29]} 17. Qxd5 {[%clk 0:12:46]} Bxd5 {[%clk 0:12:12]} 18. Rd3
{[%clk 0:12:04]} Nd7 {[%clk 0:11:56]} 19. Nd2 {[%clk 0:12:03]} Rfd8
{[%clk 0:09:34]} 20. e4 {[%clk 0:11:07]} Be6 {[%clk 0:09:38]} 21. f4
{[%clk 0:11:11]} Nb6 {[%clk 0:09:22]} 22. Rxc6 {[%clk 0:09:49]} Nxa4
{[%clk 0:08:56]} 23. b3 {[%clk 0:08:50]} Rxd4 {[%clk 0:08:39]} 24. Rxd4
{[%clk 0:08:31]} Bxd4+ {[%clk 0:08:43]} 25. Bf2 {[%clk 0:08:33]} Nc3
{[%clk 0:07:42]} 26. e5 {[%clk 0:07:30]} Rd8 {[%clk 0:07:35]} 27. Nc4
{[%clk 0:07:08]} a4 {[%clk 0:06:09]} 28. bxa4 {[%clk 0:06:54]} b3
{[%clk 0:05:52]} 29. Na3 {[%clk 0:03:47]} Nxa4 {[%clk 0:05:37]} 30. Ra6
{[%clk 0:03:38]} Nc5 {[%clk 0:05:08]} 31. Ra8 {[%clk 0:03:36]} Rxa8
{[%clk 0:05:11]} 32. Bxa8 {[%clk 0:03:40]} Bxf2+ {[%clk 0:05:09]} 33. Kxf2
{[%clk 0:03:44]} b2 {[%clk 0:05:13]} 34. Ke3 {[%clk 0:03:20]} Bf5
{[%clk 0:05:12]} 35. Kd4 {[%clk 0:03:09]} Ne6+ {[%clk 0:05:16]} 0-1

[Event "Portugal Open Semirrapidas"]
[Site "Lisboa POR"]
[Date "2020.02.02"]
[Round "8.5"]
[White "SAVANOVIC, Aleksandar"]
[Black "PETROV, Nikita"]
[Result "0-1"]
[BlackElo "2590"]
[WhiteElo "2346"]
[LiveChessVersion "1.4.8"]

1. e4 {[%clk 0:15:09]} e5 {[%clk 0:15:09]} 2. Nf3 {[%clk 0:15:11]} Nc6
{[%clk 0:15:12]} 3. Bb5 {[%clk 0:15:14]} g6 {[%clk 0:15:14]} 4. c3
{[%clk 0:15:17]} a6 {[%clk 0:15:12]} 5. Ba4 {[%clk 0:15:20]} Bg7 {[%clk 0:15:14]}
6. d4 {[%clk 0:15:24]} b5 {[%clk 0:15:04]} 7. Bc2 {[%clk 0:15:20]} exd4
{[%clk 0:14:54]} 8. cxd4 {[%clk 0:15:23]} d5 {[%clk 0:14:58]} 9. exd5
{[%clk 0:15:05]} Nb4 {[%clk 0:13:54]} 10. Bb3 {[%clk 0:15:07]} Nxd5
{[%clk 0:12:02]} 11. O-O {[%clk 0:15:09]} Nge7 {[%clk 0:11:49]} 12. Re1
{[%clk 0:13:49]} O-O {[%clk 0:10:48]} 13. Bg5 {[%clk 0:13:35]} Qd6
{[%clk 0:09:43]} 14. Nc3 {[%clk 0:13:13]} Nxc3 {[%clk 0:09:15]} 15. Bxe7
{[%clk 0:11:59]} Nxd1 {[%clk 0:09:05]} 16. Bxd6 {[%clk 0:12:01]} cxd6
{[%clk 0:09:07]} 17. Raxd1 {[%clk 0:11:56]} Ra7 {[%clk 0:08:34]} 18. Ng5
{[%clk 0:11:32]} Bf5 {[%clk 0:08:11]} 19. h3 {[%clk 0:10:38]} Bf6
{[%clk 0:07:51]} 20. Ne4 {[%clk 0:10:20]} Bxe4 {[%clk 0:07:54]} 21. Rxe4
{[%clk 0:10:24]} Rc8 {[%clk 0:07:46]} 22. Rd2 {[%clk 0:09:19]} a5
{[%clk 0:07:06]} 23. a4 {[%clk 0:06:04]} bxa4 {[%clk 0:07:08]} 24. Bxa4
{[%clk 0:06:07]} Rb7 {[%clk 0:07:10]} 25. h4 {[%clk 0:03:24]} Rb4
{[%clk 0:06:34]} 26. b3 {[%clk 0:03:27]} Kg7 {[%clk 0:06:10]} 27. g3
{[%clk 0:03:17]} h6 {[%clk 0:04:28]} 28. Rd3 {[%clk 0:03:06]} Rc2
{[%clk 0:04:05]} 29. Kg2 {[%clk 0:03:05]} g5 {[%clk 0:03:13]} 30. hxg5
{[%clk 0:02:50]} hxg5 {[%clk 0:03:17]} 31. Rg4 {[%clk 0:01:45]} Rb2
{[%clk 0:02:11]} 32. Kf3 {[%clk 0:01:29]} d5 {[%clk 0:01:54]} 33. Ke3
{[%clk 0:01:23]} Bd8 {[%clk 0:01:42]} 34. f4 {[%clk 0:01:11]} f5 {[%clk 0:01:33]}
35. Rxg5+ {[%clk 0:01:14]} Bxg5 {[%clk 0:01:38]} 36. fxg5 {[%clk 0:01:17]} Kg6
37. Kf4 {[%clk 0:01:14]} Re2 {[%clk 0:01:30]} 0-1

[Event "Portugal Open Semirrapidas"]
[Site "Lisboa POR"]
[Date "2020.02.02"]
[Round "8.6"]
[White "INDJIC, Aleksandar"]
[Black "CAMPORA, Daniel"]
[Result "1-0"]
[BlackElo "2367"]
[WhiteElo "2533"]
[LiveChessVersion "1.4.8"]

1. d4 {[%clk 0:15:08]} Nf6 {[%clk 0:15:09]} 2. c4 {[%clk 0:15:10]} e6
{[%clk 0:15:14]} 3. Nc3 {[%clk 0:15:13]} d5 {[%clk 0:15:18]} 4. Nf3
{[%clk 0:15:15]} Be7 {[%clk 0:15:20]} 5. Bf4 {[%clk 0:15:10]} O-O
{[%clk 0:15:22]} 6. e3 {[%clk 0:15:14]} c6 {[%clk 0:15:07]} 7. Qc2
{[%clk 0:15:13]} Nbd7 {[%clk 0:14:50]} 8. h4 {[%clk 0:14:58]} a6 {[%clk 0:14:28]}
9. Ng5 {[%clk 0:14:53]} b5 {[%clk 0:14:23]} 10. c5 {[%clk 0:14:52]} Re8
{[%clk 0:14:05]} 11. Bd3 {[%clk 0:14:49]} Nf8 {[%clk 0:14:06]} 12. Be5
{[%clk 0:14:46]} h6 {[%clk 0:12:45]} 13. O-O-O {[%clk 0:14:38]} b4
{[%clk 0:12:42]} 14. Na4 {[%clk 0:14:41]} a5 {[%clk 0:12:44]} 15. g4
{[%clk 0:12:09]} Ba6 {[%clk 0:12:38]} 16. Bxa6 {[%clk 0:12:08]} Rxa6
{[%clk 0:12:42]} 17. Bxf6 {[%clk 0:12:06]} Bxf6 {[%clk 0:11:39]} 18. Nf3
{[%clk 0:12:10]} Be7 {[%clk 0:11:05]} 19. g5 {[%clk 0:12:13]} h5 {[%clk 0:11:03]}
20. Ne5 {[%clk 0:12:11]} g6 {[%clk 0:10:52]} 21. Qe2 {[%clk 0:12:15]} Ra8
{[%clk 0:10:36]} 22. Qf3 {[%clk 0:12:14]} f5 {[%clk 0:10:35]} 23. gxf6
{[%clk 0:12:15]} Bxf6 {[%clk 0:10:37]} 24. Nxc6 {[%clk 0:12:12]} Qd7
{[%clk 0:10:41]} 25. Qxf6 {[%clk 0:11:32]} Qxc6 {[%clk 0:10:45]} 26. Nb6
{[%clk 0:11:36]} Ra7 {[%clk 0:10:45]} 27. f4 {[%clk 0:11:31]} a4 {[%clk 0:10:36]}
28. Rhg1 {[%clk 0:11:25]} b3 {[%clk 0:10:32]} 29. a3 {[%clk 0:10:43]} Rg7
{[%clk 0:10:11]} 30. Qg5 {[%clk 0:10:35]} Nh7 {[%clk 0:09:13]} 31. Qe5
{[%clk 0:09:29]} Rf8 {[%clk 0:09:01]} 32. Rg2 {[%clk 0:09:15]} Nf6
{[%clk 0:08:58]} 33. Rdg1 {[%clk 0:08:42]} Ng4 {[%clk 0:08:52]} 34. Rxg4
{[%clk 0:08:42]} hxg4 {[%clk 0:08:55]} 35. Rxg4 {[%clk 0:08:29]} Re8
{[%clk 0:08:42]} 36. Kd2 {[%clk 0:08:24]} Qb5 {[%clk 0:08:30]} 37. Rg1
{[%clk 0:08:27]} Qa5+ {[%clk 0:08:32]} 38. Ke2 {[%clk 0:08:28]} Qb5+
{[%clk 0:08:36]} 39. Kf3 {[%clk 0:08:11]} Kh7 {[%clk 0:08:17]} 40. h5
{[%clk 0:07:44]} g5 {[%clk 0:08:05]} 41. h6 {[%clk 0:07:45]} Rf7 {[%clk 0:07:57]}
42. Qxg5 {[%clk 0:07:41]} Qd3 {[%clk 0:08:00]} 43. Qg4 {[%clk 0:05:34]} Ref8
{[%clk 0:07:40]} 44. Kf2 {[%clk 0:03:22]} Qd2+ {[%clk 0:07:41]} 45. Kf3
{[%clk 0:03:26]} Qd3 {[%clk 0:07:34]} 46. Kf2 {[%clk 0:01:01]} Qc2+
{[%clk 0:06:50]} 47. Kf3 {[%clk 0:00:46]} Rxf4+ {[%clk 0:06:31]} 48. exf4
{[%clk 0:00:43]} Qe4+ {[%clk 0:06:33]} 49. Kg3 {[%clk 0:00:47]} Rg8
{[%clk 0:06:37]} 50. Qxg8+ {[%clk 0:00:47]} Kxg8 {[%clk 0:06:41]} 51. Nd7
{[%clk 0:00:35]} Kh8 {[%clk 0:06:35]} 52. Ne5 {[%clk 0:00:24]} Qxd4
{[%clk 0:06:20]} 53. Rg2 {[%clk 0:00:21]} Qe3+ {[%clk 0:06:06]} 54. Kg4
{[%clk 0:00:21]} Qxc5 {[%clk 0:05:57]} 55. Kh5 {[%clk 0:00:21]} Qc2
{[%clk 0:05:49]} 56. Nf7+ {[%clk 0:00:24]} 1-0

[Event "Portugal Open Semirrapidas"]
[Site "Lisboa POR"]
[Date "2020.02.02"]
[Round "8.7"]
[White "JANIK, Igor"]
[Black "SOUSA, Andre V"]
[Result "1/2-1/2"]
[BlackElo "2281"]
[WhiteElo "2527"]
[LiveChessVersion "1.4.8"]

1. d4 {[%clk 0:15:09]} Nf6 {[%clk 0:15:08]} 2. c4 {[%clk 0:15:13]} g6
{[%clk 0:15:10]} 3. Nf3 {[%clk 0:15:16]} Bg7 {[%clk 0:15:14]} 4. g3
{[%clk 0:15:21]} O-O {[%clk 0:14:57]} 5. Bg2 {[%clk 0:15:24]} d6 {[%clk 0:15:01]}
6. O-O {[%clk 0:15:26]} c5 {[%clk 0:15:05]} 7. Nc3 {[%clk 0:15:09]} Nc6
{[%clk 0:15:09]} 8. d5 {[%clk 0:15:07]} Na5 {[%clk 0:15:10]} 9. Nd2
{[%clk 0:15:03]} a6 {[%clk 0:15:14]} 10. Qc2 {[%clk 0:14:58]} b5 {[%clk 0:15:18]}
11. cxb5 {[%clk 0:14:58]} axb5 {[%clk 0:15:22]} 12. Nxb5 {[%clk 0:14:59]} Bf5
{[%clk 0:15:27]} 13. e4 {[%clk 0:14:50]} Bc8 {[%clk 0:15:31]} 14. Re1
{[%clk 0:14:40]} Ba6 {[%clk 0:15:35]} 15. Bf1 {[%clk 0:14:33]} Ng4
{[%clk 0:15:33]} 16. h3 {[%clk 0:14:03]} Ne5 {[%clk 0:15:24]} 17. f4
{[%clk 0:13:57]} Nd7 {[%clk 0:15:20]} 18. a4 {[%clk 0:13:37]} c4 {[%clk 0:14:27]}
19. Nxc4 {[%clk 0:12:41]} Rc8 {[%clk 0:14:27]} 20. Rb1 {[%clk 0:11:52]} Nxc4
{[%clk 0:13:13]} 21. Bxc4 {[%clk 0:11:56]} Nb6 {[%clk 0:13:17]} 22. b3
{[%clk 0:11:59]} Nxc4 {[%clk 0:13:12]} 23. bxc4 {[%clk 0:12:02]} e6
{[%clk 0:13:11]} 24. Bb2 {[%clk 0:11:44]} exd5 {[%clk 0:13:03]} 25. Bxg7
{[%clk 0:11:29]} Kxg7 {[%clk 0:13:07]} 26. Qb2+ {[%clk 0:11:25]} Kg8
{[%clk 0:12:56]} 27. cxd5 {[%clk 0:11:29]} Re8 {[%clk 0:12:04]} 28. Na7
{[%clk 0:10:52]} Rc4 {[%clk 0:11:16]} 29. Nc6 {[%clk 0:10:56]} Qd7
{[%clk 0:10:28]} 30. Nb8 {[%clk 0:11:00]} Qxh3 {[%clk 0:10:32]} 31. Nxa6
{[%clk 0:10:56]} Qxg3+ {[%clk 0:10:36]} 32. Qg2 {[%clk 0:11:00]} Qxf4
{[%clk 0:10:33]} 33. Rb3 {[%clk 0:09:02]} Rcxe4 {[%clk 0:09:00]} 34. Rf1
{[%clk 0:09:06]} Re1 {[%clk 0:08:53]} 35. Rb8 {[%clk 0:07:42]} Rxf1+
{[%clk 0:06:40]} 36. Qxf1 {[%clk 0:07:46]} Qg3+ {[%clk 0:06:44]} 37. Qg2
{[%clk 0:07:17]} Qe1+ {[%clk 0:06:46]} 38. Kh2 {[%clk 0:07:21]} Qh4+
{[%clk 0:06:43]} 39. Qh3 {[%clk 0:07:16]} 1/2-1/2

[Event "Portugal Open Semirrapidas"]
[Site "Lisboa POR"]
[Date "2020.02.02"]
[Round "8.8"]
[White "JARACZ, Pawel"]
[Black "ASADLI, Vugar"]
[Result "0-1"]
[BlackElo "2273"]
[WhiteElo "2434"]
[LiveChessVersion "1.4.8"]

1. e4 {[%clk 0:15:09]} e5 {[%clk 0:15:10]} 2. Nf3 {[%clk 0:15:13]} Nc6
{[%clk 0:15:14]} 3. Bb5 {[%clk 0:15:16]} a6 {[%clk 0:15:09]} 4. Ba4
{[%clk 0:15:19]} Nf6 {[%clk 0:15:13]} 5. O-O {[%clk 0:15:18]} Nxe4
{[%clk 0:15:07]} 6. d4 {[%clk 0:15:18]} Be7 {[%clk 0:15:09]} 7. d5
{[%clk 0:13:50]} Nc5 {[%clk 0:15:13]} 8. dxc6 {[%clk 0:13:18]} Nxa4
{[%clk 0:15:16]} 9. cxb7 {[%clk 0:13:13]} Bxb7 {[%clk 0:15:18]} 10. Nxe5
{[%clk 0:13:17]} d6 {[%clk 0:14:53]} 11. Nd3 {[%clk 0:13:10]} O-O
{[%clk 0:14:49]} 12. Qg4 {[%clk 0:12:59]} Nb6 {[%clk 0:14:30]} 13. Nc3
{[%clk 0:12:40]} f5 {[%clk 0:13:54]} 14. Qg3 {[%clk 0:12:34]} Bf6
{[%clk 0:13:55]} 15. Nf4 {[%clk 0:12:04]} Be5 {[%clk 0:13:33]} 16. Qd3
{[%clk 0:11:57]} Qd7 {[%clk 0:13:27]} 17. f3 {[%clk 0:10:50]} d5 {[%clk 0:12:51]}
18. Nce2 {[%clk 0:10:07]} c5 {[%clk 0:12:45]} 19. c3 {[%clk 0:10:06]} Rae8
{[%clk 0:12:33]} 20. Rd1 {[%clk 0:09:50]} Qe7 {[%clk 0:11:08]} 21. b3
{[%clk 0:09:40]} g5 {[%clk 0:10:49]} 22. Nh3 {[%clk 0:09:43]} f4 {[%clk 0:10:51]}
23. Ba3 {[%clk 0:09:09]} Bd6 {[%clk 0:10:37]} 24. Rd2 {[%clk 0:08:43]} Qg7
{[%clk 0:10:35]} 25. Bb2 {[%clk 0:08:25]} g4 {[%clk 0:10:20]} 26. fxg4
{[%clk 0:07:58]} Qxg4 {[%clk 0:10:23]} 27. Rf1 {[%clk 0:06:06]} Re3
{[%clk 0:10:16]} 0-1

[Event "Portugal Open Semirrapidas"]
[Site "Lisboa POR"]
[Date "2020.02.02"]
[Round "8.9"]
[White "ULYANOVSKYY, Viktor"]
[Black "LOFFNER, Stefan"]
[Result "1-0"]
[BlackElo "2411"]
[WhiteElo "2236"]
[LiveChessVersion "1.4.8"]

1. e4 {[%clk 0:15:08]} c5 {[%clk 0:15:04]} 2. Ne2 {[%clk 0:14:58]} Nc6
{[%clk 0:13:50]} 3. c4 {[%clk 0:14:56]} e5 {[%clk 0:12:20]} 4. g3
{[%clk 0:14:54]} d6 {[%clk 0:12:19]} 5. Bg2 {[%clk 0:14:57]} g5 {[%clk 0:12:04]}
6. Nbc3 {[%clk 0:14:10]} Nge7 {[%clk 0:12:06]} 7. d3 {[%clk 0:13:02]} Ng6
{[%clk 0:12:09]} 8. Be3 {[%clk 0:12:27]} Rg8 {[%clk 0:11:14]} 9. Nd5
{[%clk 0:12:06]} Bh6 {[%clk 0:10:24]} 10. h4 {[%clk 0:11:28]} Nf4
{[%clk 0:10:28]} 11. Kf1 {[%clk 0:09:11]} Be6 {[%clk 0:06:18]} 12. hxg5
{[%clk 0:08:54]} Nxg2 {[%clk 0:06:19]} 13. Kxg2 {[%clk 0:08:39]} Bxg5
{[%clk 0:06:22]} 14. Bxg5 {[%clk 0:08:10]} Rxg5 {[%clk 0:06:20]} 15. Rxh7
{[%clk 0:07:51]} Kd7 {[%clk 0:06:17]} 16. Qb3 {[%clk 0:06:58]} Rb8
{[%clk 0:06:07]} 17. Rah1 {[%clk 0:06:48]} Qa5 {[%clk 0:05:44]} 18. Rh8
{[%clk 0:06:21]} b6 {[%clk 0:04:12]} 19. Rxb8 {[%clk 0:05:40]} Nxb8
{[%clk 0:04:16]} 20. Nec3 {[%clk 0:04:47]} Nc6 {[%clk 0:04:09]} 21. Qb5
{[%clk 0:03:26]} Qxb5 {[%clk 0:03:52]} 22. Nxb5 {[%clk 0:03:29]} Bxd5
{[%clk 0:03:30]} 23. cxd5 {[%clk 0:03:20]} Nb4 {[%clk 0:03:33]} 24. Rh7
{[%clk 0:03:21]} Ke7 {[%clk 0:03:26]} 25. Nxa7 {[%clk 0:03:16]} Nxd3
{[%clk 0:03:06]} 26. Nc8+ {[%clk 0:03:15]} Kf8 {[%clk 0:01:59]} 27. Nxd6
{[%clk 0:03:11]} Rg6 {[%clk 0:01:21]} 28. Rxf7+ {[%clk 0:03:06]} Kg8
{[%clk 0:01:25]} 29. Rd7 {[%clk 0:03:10]} Rf6 {[%clk 0:01:07]} 30. Nf5
{[%clk 0:03:04]} Nxb2 {[%clk 0:01:00]} 31. Rb7 {[%clk 0:02:44]} Nc4
{[%clk 0:00:34]} 32. g4 {[%clk 0:02:22]} 1-0

[Event "Portugal Open Semirrapidas"]
[Site "Lisboa POR"]
[Date "2020.02.02"]
[Round "8.10"]
[White "TABOAS RODRIGUEZ, Daniel"]
[Black "FIDALGO, Andre Neves"]
[Result "1-0"]
[BlackElo "2190"]
[WhiteElo "2411"]
[LiveChessVersion "1.4.8"]

1. d4 {[%clk 0:15:10]} Nf6 {[%clk 0:15:09]} 2. Nf3 {[%clk 0:15:14]} g6
{[%clk 0:15:12]} 3. c4 {[%clk 0:15:18]} Bg7 {[%clk 0:15:16]} 4. Nc3
{[%clk 0:15:23]} d5 {[%clk 0:15:20]} 5. cxd5 {[%clk 0:15:26]} Nxd5
{[%clk 0:15:24]} 6. e4 {[%clk 0:15:31]} Nxc3 {[%clk 0:15:28]} 7. bxc3
{[%clk 0:15:34]} c5 {[%clk 0:15:32]} 8. Be3 {[%clk 0:15:38]} Qa5 {[%clk 0:15:34]}
9. Qd2 {[%clk 0:15:42]} O-O {[%clk 0:15:38]} 10. Rc1 {[%clk 0:15:45]} Rd8
{[%clk 0:15:42]} 11. d5 {[%clk 0:15:14]} e6 {[%clk 0:15:46]} 12. Bg5
{[%clk 0:15:00]} f6 {[%clk 0:15:50]} 13. Bf4 {[%clk 0:15:03]} Nc6
{[%clk 0:15:52]} 14. Be2 {[%clk 0:15:06]} b6 {[%clk 0:15:25]} 15. O-O
{[%clk 0:15:07]} Ba6 {[%clk 0:14:20]} 16. Rfd1 {[%clk 0:14:50]} g5
{[%clk 0:13:43]} 17. Bc7 {[%clk 0:13:35]} Rd7 {[%clk 0:13:47]} 18. d6
{[%clk 0:13:37]} h6 {[%clk 0:13:05]} 19. h4 {[%clk 0:13:09]} Rc8 {[%clk 0:12:18]}
20. Qe3 {[%clk 0:12:19]} g4 {[%clk 0:09:18]} 21. Nh2 {[%clk 0:09:55]} h5
{[%clk 0:09:21]} 22. f3 {[%clk 0:09:53]} Bxe2 {[%clk 0:09:24]} 23. Qxe2
{[%clk 0:09:54]} Bh6 {[%clk 0:08:58]} 24. fxg4 {[%clk 0:09:41]} Bxc1
{[%clk 0:07:38]} 25. Rxc1 {[%clk 0:09:45]} Qa3 {[%clk 0:07:37]} 26. Rc2
{[%clk 0:09:29]} Rg7 {[%clk 0:04:25]} 27. gxh5 {[%clk 0:09:09]} Ne5
{[%clk 0:04:29]} 28. Nf3 {[%clk 0:08:25]} Qa4 {[%clk 0:04:04]} 29. Nxe5 fxe5
{[%clk 0:04:07]} 30. h6 {[%clk 0:05:24]} Rg6 {[%clk 0:04:09]} 31. Rd2
{[%clk 0:05:23]} Qd7 {[%clk 0:04:13]} 32. Qh5 {[%clk 0:05:12]} Kh7
{[%clk 0:04:07]} 33. Rf2 {[%clk 0:03:29]} Rxc7 {[%clk 0:03:32]} 34. dxc7
{[%clk 0:03:31]} Qxc7 {[%clk 0:03:36]} 35. Rf8 {[%clk 0:03:20]} c4
{[%clk 0:02:20]} 36. Rh8+ {[%clk 0:03:00]} Kxh8 {[%clk 0:02:24]} 37. Qxg6
{[%clk 0:03:05]} Qc5+ {[%clk 0:02:28]} 38. Kh2 {[%clk 0:03:06]} Qf8
{[%clk 0:02:32]} 39. Kh3 {[%clk 0:02:20]} Qe7 {[%clk 0:02:27]} 40. a4
{[%clk 0:02:21]} a6 {[%clk 0:02:30]} 41. Kg3 {[%clk 0:01:56]} b5 {[%clk 0:02:33]}
42. axb5 {[%clk 0:02:00]} axb5 {[%clk 0:02:33]} 43. Qg7+ {[%clk 0:01:52]} Qxg7+
{[%clk 0:02:34]} 44. hxg7+ {[%clk 0:01:56]} Kxg7 {[%clk 0:02:38]} 45. Kf3
{[%clk 0:02:01]} Kg6 {[%clk 0:02:28]} 46. g4 {[%clk 0:02:05]} Kf7
{[%clk 0:02:07]} 47. Ke2 {[%clk 0:02:07]} Ke7 {[%clk 0:02:10]} 48. Kd2
{[%clk 0:02:11]} 1-0